[Event "Icelandic (Women) op"]
[Site "Reykjavik"]
[Date "2022.10.30"]
[Round "7"]
[White "Dolzhikova, Olga"]
[Black "Lehtinen, Helja"]
[Result "1-0"]
[WhiteElo "2120"]
[BlackElo "1888"]
[PlyCount "127"]
[EventDate "2022.10.24"]
[EventType "swiss"]
[EventRounds "7"]
[EventCountry "ISL"]
[SourceTitle "EXT 2024"]
[Source "ChessBase"]
[SourceDate "2023.10.10"]
[SourceVersion "1"]
[SourceVersionDate "2023.10.10"]
[SourceQuality "1"]

1. b3 e5 2. Bb2 Nc6 3. e3 Nf6 4. Bb5 Bd6 5. Na3 Na5 6. Be2 a6 7. Nf3 Qe7 8. Nb1 0-0 9. d4 exd4 10. Nxd4 Be5 11. Nc3 Nc6 12. Nf3 Bxc3+ 13. Bxc3 Ne4 14. Bb2 Qb4+ 15. Kf1 Nc3 16. Qd3 Nxe2 17. Kxe2 d6 18. h3 Re8 19. a3 Qe4 20. Qc3 f6 21. g4 Qe7 22. Rag1 d5 23. g5 f5 24. Kd1 Na7 25. a4 c5 26. Kc1 b5 27. g6 h6 28. Ne5 b4 29. Qd3 Be6 30. Qe2 Qh4 31. Nf3 Qe7 32. Ne5 Qh4 33. f4 Rac8 34. Qxa6 Qe7 35. Kb1 Rc7 36. Rd1 Nc8 37. Nf7 Ra7 38. Qe2 Bxf7 39. gxf7+ Qxf7 40. Be5 Ne7 41. Rhg1 Ng6 42. Bd6 Rc8 43. Qg2 Nf8 44. Qxd5 c4 45. Qxf7+ Rxf7 46. Bxb4 cxb3 47. c3 Nd7 48. a5 Nc5 49. Kb2 Rb7 50. Rd5 Na4+ 51. Kxb3 Nxc3 52. Rxf5 Ne4 53. a6 Rb6 54. a7 Rc3+ 55. Ka4 Rc8 56. Rb5 Ra6+ 57. Ra5 Rxa5+ 58. Kxa5 Nf6 59. Ka6 Nd5 60. Ba5 Re8 61. Rc1 Re6+ 62. Kb7 Re7+ 63. Bc7 Re8 64. a8Q 1-0

[Event "Fagernes op"]
[Site "Fagernes"]
[Date "2022.04.14"]
[Round "6"]
[White "Liabotro, Ola"]
[Black "Dolzhikova, Olga"]
[Result "0-1"]
[WhiteElo "2101"]
[BlackElo "2131"]
[PlyCount "94"]
[EventDate "2022.04.10"]
[EventType "swiss"]
[EventRounds "9"]
[EventCountry "NOR"]
[SourceTitle "CBM 207 Extra"]
[Source "ChessBase"]
[SourceDate "2022.05.31"]
[SourceVersion "1"]
[SourceVersionDate "2022.05.31"]
[SourceQuality "1"]

1. e4 g6 2. d4 Bg7 3. Nf3 c5 4. dxc5 Qa5+ 5. c3 Qxc5 6. Be3 Qc7 7. Qc2 Nf6 8. Na3 b6 9. Nb5 Qb7 10. Bf4 Na6 11. Bc4 0-0 12. 0-0-0 d6 13. Bg5 Nc7 14. Nfd4 Bd7 15. f3 Nxb5 16. Bxb5 Bxb5 17. Nxb5 a6 18. Nd4 b5 19. Kb1 a5 20. Qe2 Rfb8 21. g4 b4 22. c4 Rc8 23. Be3 Nd7 24. Nb3 Qc6 25. Rc1 a4 26. Nd2 a3 27. b3 d5 28. g5 Qd6 29. f4 d4 30. e5 Nxe5 31. fxe5 Qxe5 32. Nf3 Qe4+ 33. Qc2 Qxf3 34. Bd2 d3 35. Qd1 Qe4 36. Bxb4 Bb2 37. Qd2 Bxc1 38. Rxc1 e5 39. Bc3 Qf5 40. Re1 Re8 41. Kc1 Rad8 42. Qe3 d2+ 43. Bxd2 Rd3 44. Qe4 Qd7 45. Re2 Rd8 46. Ba5 Rd1+ 47. Kc2 Rc1+ 0-1

[Event "EU-chT (Women) 23rd"]
[Site "Terme Catez"]
[Date "2021.11.13"]
[Round "2.6"]
[White "Dolzhikova, Olga"]
[Black "Paehtz, Elisabeth"]
[Result "0-1"]
[WhiteElo "2187"]
[BlackElo "2485"]
[PlyCount "146"]
[EventDate "2021.11.12"]
[EventType "team-swiss"]
[EventRounds "9"]
[EventCountry "SLO"]
[SourceTitle "CBM 205"]
[Source "ChessBase"]
[SourceDate "2021.12.31"]
[SourceVersion "1"]
[SourceVersionDate "2021.12.31"]
[SourceQuality "1"]
[WhiteTeam "Norway (W)"]
[BlackTeam "Germany (W)"]
[WhiteTeamCountry "NOR"]
[BlackTeamCountry "GER"]

1. e4 e5 2. Nf3 Nc6 3. Bc4 Nf6 4. d3 Be7 5. Bb3 0-0 6. Bg5 d6 7. c3 h6 8. Bh4 a5 9. Nbd2 Nh5 10. Bg3 Bg4 11. Nf1 Nf4 12. Bxf4 exf4 13. d4 Qd7 14. N1d2 Bh5 15. 0-0 Nd8 16. a4 Ne6 17. Qc2 g5 18. Bc4 Kh8 19. Ne1 f5 20. f3 c6 21. Bd3 fxe4 22. Bxe4 Ng7 23. Nc4 Qc7 24. Bd3 Bf7 25. Rf2 Bf6 26. Nd2 d5 27. Bg6 Rae8 28. Nf1 Re6 29. Bxf7 Qxf7 30. Nd3 Rfe8 31. Nc5 R6e7 32. Rd1 b6 33. Nd3 Nf5 34. Qb3 Rb7 35. Rfd2 Kg7 36. Re1 Rxe1 37. Nxe1 Qe6 38. Nd3 Nd6 39. Qc2 Re7 40. Rd1 Qf5 41. Re1 Rxe1 42. Nxe1 Qc8 43. Nd3 c5 44. dxc5 bxc5 45. Nf2 c4 46. Ng4 Bd8 47. Qf2 Nf5 48. Qa7+ Qc7 49. Qxc7+ Bxc7 50. Nd2 h5 51. Nf2 Ne3 52. b3 Be5 53. bxc4 Bxc3 54. Nb3 dxc4 55. Nc1 Bb2 56. Ne2 Nd5 57. Kf1 Nb6 58. Ke1 Nxa4 59. Kd2 Nc5 60. Kc2 Be5 61. Nc3 Kg6 62. Nd5 Bd4 63. Nd1 Nd3 64. Nc7 Ne1+ 65. Kd2 Nxg2 66. Nb5 Bc5 67. Kc3 Ne3 68. Nb2 Bb4+ 69. Kd4 c3 70. Nxc3 Bxc3+ 71. Kxc3 Nf1 72. h3 Nh2 73. Nc4 Nxf3 0-1

[Event "EU-chT (Women) 23rd"]
[Site "Terme Catez"]
[Date "2021.11.12"]
[Round "1.12"]
[White "Dolzhikova, Olga"]
[Black "Injac, Teodora"]
[Result "0-1"]
[WhiteElo "2187"]
[BlackElo "2387"]
[PlyCount "96"]
[EventDate "2021.11.12"]
[EventType "team-swiss"]
[EventRounds "9"]
[EventCountry "SLO"]
[SourceTitle "CBM 205"]
[Source "ChessBase"]
[SourceDate "2021.12.31"]
[SourceVersion "1"]
[SourceVersionDate "2021.12.31"]
[SourceQuality "1"]
[WhiteTeam "Norway (W)"]
[BlackTeam "Serbia (W)"]
[WhiteTeamCountry "NOR"]
[BlackTeamCountry "SRB"]

1. e4 e5 2. Nf3 Nc6 3. Bc4 Bc5 4. c3 Nf6 5. d3 d6 6. 0-0 h6 7. Re1 a6 8. Bb3 0-0 9. Nbd2 Be6 10. Nf1 Ba7 11. Be3 Re8 12. Bxe6 Rxe6 13. Bxa7 Rxa7 14. c4 b5 15. Rc1 Qd7 16. Qc2 Nb4 17. Qb3 c5 18. a3 Nc6 19. cxb5 Na5 20. Qc3 axb5 21. b4 Nb7 22. Ng3 Re8 23. Nf5 Qe6 24. Qb2 Rea8 25. bxc5 Nxc5 26. Red1 Rxa3 27. Qxb5 Rb3 28. Qc4 Nxd3 29. Ne7+ Qxe7 30. Rxd3 Rxd3 31. Qxd3 Rd8 32. h3 g6 33. Qe3 Kg7 34. Ra1 Qb7 35. Re1 Qb4 36. Qe2 Rc8 37. Qd2 Rc4 38. Qxb4 Rxb4 39. Nd2 Rd4 40. Re2 Kf8 41. g3 Ke7 42. Kg2 Ke6 43. f3 Nh5 44. Kf2 f5 45. Nf1 Rd3 46. Ra2 Nf6 47. Re2 fxe4 48. fxe4 h5 0-1

[Event "Fagernes op"]
[Site "Fagernes"]
[Date "2020.10.05"]
[Round "2"]
[White "Starostits, Ilmars"]
[Black "Dolzhikova, Olga"]
[Result "1-0"]
[WhiteElo "2464"]
[BlackElo "2208"]
[PlyCount "47"]
[EventDate "2020.10.04"]
[EventType "swiss"]
[EventRounds "9"]
[EventCountry "NOR"]
[SourceTitle "EXT 2022"]
[Source "ChessBase"]
[SourceDate "2021.10.06"]
[SourceVersion "1"]
[SourceVersionDate "2021.10.06"]
[SourceQuality "1"]

1. d4 b6 2. e4 Bb7 3. Nc3 e6 4. Nf3 Bb4 5. Bd3 Nf6 6. Qe2 d5 7. e5 Ne4 8. 0-0 Nxc3 9. bxc3 Bxc3 10. Rb1 Nc6 11. Rd1 a6 12. Qe3 Bb4 13. Qf4 Qe7 14. Qg3 f5 15. c4 Na5 16. a3 Bxa3 17. Bxa3 Qxa3 18. c5 g6 19. Ng5 Ke7 20. Nxe6 Rac8 21. Qg5+ Kxe6 22. Qf6+ Kd7 23. Qf7+ Kd8 24. e6 1-0

[Event "Online Olym Div Top-B"]
[Site "Chess.com INT"]
[Date "2020.08.23"]
[Round "7.4"]
[White "Sebag, Marie"]
[Black "Dolzhikova, Olga"]
[Result "1-0"]
[WhiteElo "2443"]
[BlackElo "2194"]
[PlyCount "87"]
[EventDate "2020.08.21"]
[EventType "team-tourn (rapid)"]
[EventRounds "9"]
[EventCountry "USA"]
[SourceTitle "CBM 198"]
[Source "ChessBase"]
[SourceDate "2020.10.31"]
[SourceVersion "1"]
[SourceVersionDate "2020.10.31"]
[SourceQuality "1"]
[WhiteTeam "France"]
[BlackTeam "Norway"]
[WhiteTeamCountry "FRA"]
[BlackTeamCountry "NOR"]

1. e4 g6 2. d4 Bg7 3. Nc3 c5 4. dxc5 Bxc3+ 5. bxc3 Nf6 6. Bd3 Qa5 7. Nf3 Qxc3+ 8. Bd2 Qxc5 9. 0-0 d6 10. Rb1 Nbd7 11. Re1 Ng4 12. Qe2 Nge5 13. Nxe5 Nxe5 14. Bb5+ Kf8 15. Bh6+ Kg8 16. Be3 Qc7 17. Bd4 f6 18. f4 Bg4 19. Qf2 Nc6 20. Bxc6 bxc6 21. f5 g5 22. Rb3 c5 23. Bc3 Kg7 24. Qg3 Bh5 25. Qxg5+ Bg6 26. fxg6 hxg6 27. Qg3 Qc6 28. Qf4 Rh5 29. Reb1 Rc8 30. h3 Rc7 31. Kh2 e5 32. Qg4 Rg5 33. Qf3 Rh5 34. Be1 Rf7 35. Rd1 Qa6 36. Rbd3 Qxa2 37. Rxd6 Qxc2 38. Rd7 Qa2 39. Bf2 Qc4 40. Rxf7+ Qxf7 41. Bxc5 Rh8 42. Ra1 Ra8 43. Ra6 f5 44. exf5 1-0

[Event "Gibraltar Challengers op-B"]
[Site "Caleta"]
[Date "2020.01.27"]
[Round "4"]
[White "Hristodorescu, Daniel"]
[Black "Dolzhikova, Olga"]
[Result "1-0"]
[WhiteElo "2172"]
[BlackElo "2123"]
[PlyCount "89"]
[EventDate "2020.01.25"]
[EventType "swiss"]
[EventRounds "5"]
[EventCountry "GGB"]
[SourceTitle "CBM 194 Extra"]
[Source "ChessBase"]
[SourceDate "2020.03.31"]
[SourceVersion "1"]
[SourceVersionDate "2020.03.31"]
[SourceQuality "1"]

1. e4 g6 2. d4 Bg7 3. Nf3 c5 4. dxc5 Qa5+ 5. Nc3 Bxc3+ 6. bxc3 Qxc3+ 7. Bd2 Qxc5 8. Bd3 Nf6 9. 0-0 0-0 10. e5 Nd5 11. Qe1 d6 12. c4 Nb6 13. Bb4 Qc7 14. Qe3 Bg4 15. exd6 exd6 16. Nd4 Nc6 17. Nxc6 Qxc6 18. Qf4 Be6 19. Rac1 Rad8 20. Be4 Qa4 21. Bc3 f5 22. Qh6 Qd7 23. Bd3 Bxc4 24. Rfd1 Bxd3 25. Rxd3 Qf7 26. h4 Rfe8 27. h5 Re6 28. Rcd1 Nc4 29. hxg6 Rxg6 30. Qh4 Re8 31. Qd4 Ne5 32. f4 Qg7 33. Qd5+ Qf7 34. fxe5 dxe5 35. Bxe5 Qxd5 36. Rxd5 Rge6 37. Bf4 Re2 38. Rxf5 Rxa2 39. Rg5+ Kf7 40. Rd7+ Re7 41. Rxe7+ Kxe7 42. Rg7+ Kf6 43. Rxb7 Kg6 44. Kh2 a5 45. Kh3 1-0

[Event "Gibraltar Challengers op-A"]
[Site "Caleta"]
[Date "2020.01.23"]
[Round "4"]
[White "Oragwu, Chukwunonso"]
[Black "Dolzhikova, Olga"]
[Result "0-1"]
[WhiteElo "2220"]
[BlackElo "2123"]
[PlyCount "54"]
[EventDate "2020.01.20"]
[EventType "swiss"]
[EventRounds "5"]
[EventCountry "GGB"]
[SourceTitle "CBM 194 Extra"]
[Source "ChessBase"]
[SourceDate "2020.03.31"]
[SourceVersion "1"]
[SourceVersionDate "2020.03.31"]
[SourceQuality "1"]

1. e4 g6 2. Nc3 Bg7 3. g3 c5 4. Bg2 Nc6 5. Nge2 d6 6. d3 Nd4 7. h3 Bd7 8. a4 Bc6 9. 0-0 e6 10. Nf4 Qd7 11. h4 Ne7 12. Bh3 0-0 13. Be3 b6 14. Ncd5 Bb7 15. c3 Ndc6 16. h5 f5 17. Nxe7+ Nxe7 18. hxg6 hxg6 19. Bg2 e5 20. Qb3+ d5 21. Nxd5 Nxd5 22. exd5 f4 23. d6+ Kh7 24. Bxc5 f3 25. Bh1 bxc5 26. Rfe1 Rf5 27. Re3 Rh5 0-1

[Event "Fagernes GM op"]
[Site "Fagernes"]
[Date "2019.04.15"]
[Round "2"]
[White "Abdrlauf, Elham"]
[Black "Dolzhikova, Olga"]
[Result "1-0"]
[WhiteElo "2123"]
[BlackElo "2231"]
[PlyCount "215"]
[EventDate "2019.04.14"]
[EventType "swiss"]
[EventRounds "9"]
[EventCountry "NOR"]
[SourceTitle "CBM 189 Extra"]
[Source "ChessBase"]
[SourceDate "2019.06.03"]
[SourceVersion "1"]
[SourceVersionDate "2019.06.03"]
[SourceQuality "1"]

1. e4 g6 2. d4 Bg7 3. Nf3 c5 4. c3 cxd4 5. cxd4 d5 6. exd5 Nf6 7. Nc3 0-0 8. Bc4 Nbd7 9. d6 exd6 10. 0-0 Nb6 11. Bb3 Bf5 12. Bf4 a6 13. Re1 Rc8 14. h3 Rc7 15. g4 Bc8 16. Qd3 Re7 17. Rxe7 Qxe7 18. Re1 Qd7 19. a4 Na8 20. Ne4 Ne8 21. Nfg5 d5 22. Nc5 Qd8 23. Nf3 Nac7 24. Bg5 f6 25. Bd2 Kh8 26. a5 Nd6 27. Bf4 Ndb5 28. Re3 Re8 29. Rxe8+ Qxe8 30. Qe3 Qxe3 31. fxe3 Kg8 32. e4 f5 33. Bxc7 Nxc7 34. exd5 fxg4 35. d6+ Kf8 36. hxg4 Nb5 37. d7 Bxd7 38. Nxd7+ Ke7 39. Nb6 Nxd4 40. Bd5 Nxf3+ 41. Bxf3 Bxb2 42. Bxb7 h5 43. Bxa6 hxg4 44. Bb7 Bd4+ 45. Kg2 Kd6 46. Nc4+ Kc5 47. Nd2 Kb5 48. a6 Kb6 49. Kg3 Kc7 50. Kxg4 Bg1 51. Nc4 Bf2 52. Kg5 Bg1 53. Kxg6 Bf2 54. Kf5 Bg1 55. Ke5 Bf2 56. Kd5 Bg1 57. Ke4 Bf2 58. Kd3 Bg1 59. Kc3 Bf2 60. Kb4 Bg1 61. Kb5 Bf2 62. Nd2 Be3 63. Ne4 Ba7 64. Bc6 Bb8 65. Nc5 Ba7 66. Bg2 Kd6 67. Nb7+ Kc7 68. Na5 Bf2 69. Nc6 Bg1 70. Bh3 Kd6 71. Bg2 Kc7 72. a7 Bxa7 73. Nxa7 Kd6 74. Nc6 Ke6 75. Kc5 Kf6 76. Kd5 Kf5 77. Be4+ Kf6 78. Kd6 Kf7 79. Ke5 Kg7 80. Kf5 Kf7 81. Bd5+ Kg7 82. Kg5 Kh8 83. Be4 Kg7 84. Bg6 Kh8 85. Kf6 Kg8 86. Ne5 Kh8 87. Nf7+ Kg8 88. Bf5 Kf8 89. Bh7 Ke8 90. Ne5 Kd8 91. Ke6 Kc7 92. Nd7 Kc6 93. Bd3 Kc7 94. Bb5 Kd8 95. Bd3 Kc7 96. Be4 Kd8 97. Kd6 Kc8 98. Nc5 Kd8 99. Bg6 Kc8 100. Be8 Kd8 101. Bb5 Kc8 102. Bd7+ Kb8 103. Kc6 Ka7 104. Kc7 Ka8 105. Bc8 Ka7 106. Nd7 Ka8 107. Nb8 Ka7 108. Nc6+ 1-0

[Event "NOR-ch (Women)"]
[Site "Baerum"]
[Date "2019.03.17"]
[Round "5"]
[White "Dolzhikova, Olga"]
[Black "Ayzenberg, Alena"]
[Result "1-0"]
[WhiteElo "2223"]
[BlackElo "1908"]
[PlyCount "163"]
[EventDate "2019.03.15"]
[EventType "swiss"]
[EventRounds "5"]
[EventCountry "NOR"]
[SourceTitle "CBM 189 Extra"]
[Source "ChessBase"]
[SourceDate "2019.06.03"]
[SourceVersion "1"]
[SourceVersionDate "2019.06.03"]
[SourceQuality "1"]

1. e4 e6 2. d4 d5 3. e5 c5 4. c3 Nc6 5. Nf3 Qb6 6. a3 c4 7. Nbd2 Na5 8. Rb1 Bd7 9. Be2 Ne7 10. 0-0 h6 11. h4 0-0-0 12. h5 g6 13. hxg6 Nxg6 14. g3 Be7 15. Nh2 Rdg8 16. Ndf3 Qd8 17. Be3 h5 18. Ne1 h4 19. g4 h3 20. Kh1 Nh4 21. Rg1 f5 22. exf6 Bxf6 23. Bf1 e5 24. dxe5 Bxe5 25. f4 d4 26. cxd4 Bc6+ 27. Nhf3 Nxf3 28. Nxf3 Bxf4 29. Bxf4 Rf8 30. Qd2 Bxf3+ 31. Kh2 Nb3 32. Qe3 Nxd4 33. Bxc4 Re8 34. Qc3 Bc6 35. Rg3 Re4 36. Be3 Ne6 37. Rf1 Re8 38. Bd3 Ra4 39. Bf5 Qd6 40. b4 a6 41. Bf4 Qd5 42. Qe5 Qxe5 43. Bxe5 a5 44. Bc2 Ng5 45. Bxa4 Rxe5 46. Bxc6 bxc6 47. Rf2 axb4 48. axb4 Re4 49. Rb2 Kc7 50. Rc3 Rxg4 51. b5 Rg2+ 52. Rxg2 hxg2 53. Rxc6+ Kb7 54. Kxg2 Nf7 55. Kf2 Ne5 56. Re6 Nc4 57. Ra6 Nb6 58. Ke3 Nd5+ 59. Kd4 Nc7 60. Rh6 Nxb5+ 61. Kc5 Nc3 62. Rh4 Ne2 63. Rg4 Nc3 64. Rd4 Ne2 65. Rd7+ Kc8 66. Re7 Nf4 67. Kd6 Nd3 68. Re4 Nf2 69. Rf4 Nd3 70. Rf7 Nb4 71. Rc7+ Kb8 72. Rh7 Kc8 73. Ra7 Kb8 74. Ra4 Nd3 75. Kc6 Nf2 76. Rf4 Nd3 77. Rd4 Nf2 78. Kb6 Kc8 79. Rf4 Nd3 80. Rd4 Nf2 81. Rd2 Ne4 82. Rd4 1-0

[Event "NOR-ch (Women)"]
[Site "Baerum"]
[Date "2019.03.16"]
[Round "3"]
[White "Dolzhikova, Olga"]
[Black "Landsverk, Ida"]
[Result "1-0"]
[WhiteElo "2223"]
[BlackElo "1369"]
[PlyCount "61"]
[EventDate "2019.03.15"]
[EventType "swiss"]
[EventRounds "5"]
[EventCountry "NOR"]
[SourceTitle "CBM 189 Extra"]
[Source "ChessBase"]
[SourceDate "2019.06.03"]
[SourceVersion "1"]
[SourceVersionDate "2019.06.03"]
[SourceQuality "1"]

1. g3 Nf6 2. Bg2 g6 3. e4 d6 4. d4 Bg7 5. h3 Nbd7 6. Be3 Rb8 7. Qd2 b5 8. Bh6 0-0 9. Bxg7 Kxg7 10. Ne2 b4 11. 0-0 Bb7 12. Qe3 a5 13. Nd2 Ba6 14. Rfe1 e5 15. Rad1 Qc8 16. dxe5 dxe5 17. Nb3 a4 18. Nc5 Nxc5 19. Qxc5 Re8 20. Nc1 Nd7 21. Qe3 Nf8 22. Nd3 Bxd3 23. Qxd3 Rd8 24. Qc4 Ne6 25. Rd5 f6 26. Rxd8 Qxd8 27. Qxe6 Qd2 28. Rf1 Rd8 29. Qe7+ Kg8 30. Qxf6 Qxc2 31. Qxd8+ 1-0